Comedias : El amor médico, Averígüelo Vargas /

Saved in:
Bibliographic Details
Main Author: Tirso de Molina (autor)
Other Authors: Zamora Vicente, Alonso (prólogo) (prólogo), Canellada, María Josefa (prólogo) (prólogo)
Format: Book
Language:Español
Published: Madrid, España : Espasa-Calpe, 1947, c1947
Edition:4a edición
Series:(Clásicos Castellanos 131)
(Clásicos Castellanos. Comedias de Tirso de Molina ; 2)
Subjects:
Tags: Add Tag
No Tags, Be the first to tag this record!

MARC

LEADER 00000nam^a2200000^a^4500
001 000316219
005 20250521000000.0
009 20260310113306.344
037 |a Acervo Xavier Clavigero 
041 |a ESP 
082 |a 862.  |b TIR V. 2 
100 |a Tirso de Molina  |e (autor) 
240 1 4 |a [El amor médico] 
240 1 1 |a [Averígüelo Vargas] 
245 1 0 |a Comedias :  |b El amor médico, Averígüelo Vargas /  |c T. de Molina ; pról. y notas de A. Zamora Vicente, M.J. Canellada. 
250 |a 4a edición 
264 4 |a Madrid, España :  |b Espasa-Calpe,  |c 1947, c1947 
300 |a XVI, 269 p. 
336 |a texto  |b txt  |2 rdacontenido 
337 |a sin mediación  |b n  |2 rdamedio 
338 |a volumen  |b nc  |2 rdasoporte 
440 1 |a (Clásicos Castellanos  |v 131) 
440 1 |a (Clásicos Castellanos.  |p Comedias de Tirso de Molina ;  |v 2) 
545 0 |a Tirso de Molina es el seudónimo de Gabriel Téllez (1583-1648), fraile de la Orden de la Merced y escritor del Siglo de Oro español nacido en Madrid, que destacó en el género dramático. De sus personajes creados sobresale el famoso don Juan Tenorio. Sus escritos describen las costumbres y la moral de su época, además de otorgar un papel preponderante a sus personajes femeninos. Entre sus dramas se encuentran El burlador de Sevilla y convidado de piedra, El vergonzoso en palacio, La gallega Mari-Hernández, La prudencia en la mujer, Don Gil de las calzas verdes, y La ninfa del cielo. En prosa se le conocen Cigarrales de Toledo, Deleitar aprovechando e Historia general de la Orden de la Merced. 
649 |a XX 
650 |a Comedia Española 
650 |a Teatro Español 
650 |a Literatura Española -  |y Siglo XVII 
650 |a Literatura Española -  |y Epoca Clásica, 1500-1700 
740 3 |a El amor médico /  |c T. de Molina ; pról. y notas de A. Zamora Vicente, M.J. Canellada. 
740 0 |a Averígüelo Vargas /  |c T. de Molina ; pról. y notas de A. Zamora Vicente, M.J. Canellada. 
700 |a Zamora Vicente, Alonso  |e (prólogo) 
700 |a Canellada, María Josefa  |e (prólogo) 
910 |a Fondo General 
920 |a Impresos - Libros 
930 |a Colección General 
940 |a Literatura 
905 |a 101 
901 |a 022507  |b IT1  |c LIT  |u 20250521 
901 |a 022589  |b IT1  |c LIT  |u 20250521 
902 |a https://opac.biblio.iteso.mx/vufind/Record/000316219